000 00505nam a2200133Ia 4500
008 200928s9999 xx 000 0 und d
020 _a978-971-9654-99-5
100 _aBanaag, Francis
245 _cFrancis Banaag, Nemesio Barboza, Rome Sherriff G. Montoya.--
_aStrategic Marketing Management /
260 _aManila :
_bUnlimited Books Library Services & Publishing Inc.
_c2018
300 _aviii , 164 pages :
_billustrations ;
_c23 cm.
650 _aMarketing -- management
650 _aStrategic planning
999 _c364521
_d364521